000 01097nam a2200301Ia 4500
005 20220317000620.0
008 160601s2003 sp a g 000 0 spa
020 _a8466725547
100 1 _aGrimm, Jacob
_d1785-1863
245 1 0 _aLa bella durmiente
_cJacob y Wilhelm Grimm ; ilustraciones de Ana Juan ; traducción de María Antonia Seijo Castroviejo
250 _a1a edición
300 _a21 páginas
_bilustraciones en color
_c20 cm
490 _aSopa de cuentos
_pCuentos clásicos
650 1 4 _2LEMB
_aCuentos infantiles alemanes
650 1 4 _2LEMB
_aLiteratura infantil alemana
650 1 4 _2LEMB
_aPrincesas en la literatura
650 1 4 _2LEMB
_aEnanos en la literatura
700 1 _aGrimm, Wilhelm
_d1786-1859
_918880
700 1 _aJuan, Ana
_eilustrador
_950514
700 1 _aSeijo Castroviejo, María Antonia
_etraductor
_950515
942 _2loc
_cBKINF
264 _aMadrid
_bAnaya
_c2003
336 _atexto
_btxt
_2rdacontent
337 _asin mediación
_bn
_2rdamedia
338 _avolumen
_bnc
_2rdacarrier
040 _aCO-BoRNBP
_bspa
_erda
_cCO-BoRNBP
084 _aC GRI1
999 _c4561
_d4561